000 00610nam a2200205Ia 4500
005 20250508151339.0
008 008 250505s9999 xx 000 0 eng d
037 _aTextual
040 _aFEDL
_beng
_cFEDL
041 _aeng
_2eng
084 _a025.3, VIS
_qFEDL
100 _aViswanathan C G
_926237
245 0 _aCataloging theroy and practice: A guide to the student of library science
260 _aBanaras, India
_bBanaras Hindu University
_c1954
300 _avii,252p.
365 _aINR
_b15
650 _aLibrary Science
942 _cTEXL
_h025.3, VIS
999 _c1329203
_d1329203